000 00498ntaaa2200193 4500
003 01
005 20251027201810.0
008 0714s1973 ag 01
040 _aAR-BaBN
_bspa
_cAR-BaBN
_eaacr
_dRIC
082 _a242.2000 C83
245 _aTravelling toward sunrose
250 _a1 ed.
260 _aLos Angeles :
_bCowman Publications,
_cc1952
300 _a254 p
650 _alecturas devocionales
_91693
650 _ameditaciones
_95341
700 _aCowman, Sra. de Charles E
942 _cBK
999 _c12650
_d12650